Statistics for "The Attack of the Dead Men" Lyrics by Sabaton

Click here to take the quiz!

General Stats

  • This quiz has been taken 60 times
  • The average score is 209 of 248

Answer Stats

Lyrics% Correct
a
100%
the
100%
again!
97%
again
97%
an
97%
And
97%
and
97%
men
97%
Dead
95%
dead
95%
at
92%
Attack
89%
attack
89%
Hundred
89%
hundred
89%
of
89%
on
89%
then
89%
Die
87%
Osowiec
84%
Charge
82%
charge
82%
east
82%
for
82%
in
82%
Facing
79%
facing
79%
front
79%
marching
79%
Marching
79%
once
79%
that's
79%
That's
79%
Tsar
79%
are
76%
en
76%
force
76%
hunt
76%
There's
76%
thunder
76%
to
76%
when
76%
forces
74%
It's
74%
Wilhelm's
74%
against
71%
enemy
71%
gas
71%
poison
71%
Turmoil
71%
back!
68%
be
68%
been
68%
Hindenburg
68%
Russian
68%
Turn
68%
turn
68%
led
66%
masse
66%
They've
66%
7000
61%
deceased!
61%
foe!
61%
into
61%
Into
61%
their
61%
tide
61%
fear
58%
No!
58%
surrender
55%
won't
55%
As
53%
battalions
53%
spar
53%
Striking
53%
12
50%
counter-charge!
50%
large
50%
lives
50%
Two
50%
Russians
47%
fighting
45%
revives
45%
combatants
42%
They'll
42%
marched
37%
Move
37%

Score Distribution

Percentile by Number Answered

Percent of People with Each Score

Your Score History

You have not taken this quiz